000 01240nam a2200325 a 4500
001 000110321
003 CHAP
005 20220329144127.0
008 140815s2011 mx | |r| |||1|||spa|d
010 _a106783
011 _a107755
020 _a978-607-7775-18-8 (Colson)
020 _a9786074790511 (El Colef)
040 _cCHAP
082 0 4 _a333.9109722
_bS49
245 0 4 _aLos servicios del agua en el norte de México :
_bgestión, manejo financiero y aspectos ambientales /
_cpor coordinador Ismael Aguilar Benítez.
260 3 _aMéxico :
_bEl Colegio de la Frontera Norte
_bEl Colegio de Sonora,
_c2011.
300 _a343 p.
590 _aBATCH-UPD
_b05
_c20140818
_lUCH01
_h0855
590 _aE792CSJ
_b05
_c20140815
_lUCH01
_h1251
590 _aE792CSJ
_b05
_c20140818
_lUCH01
_h0854
650 1 4 _aAgua abastecimiento
_xAspectos ambientales
_zFrontera norte (México).
_9127798
650 1 4 _aAguas públicas
_xAspectos sociales
_zFrontera norte (México).
_9127797
650 1 4 _aAguas públicas
_xFrontera norte (México)
_9127795
650 1 4 _aAguas públicas
_xPolítica gubernamental
_zFrontera norte (México).
_9127796
700 0 _aAguilar Benítez, Ismael
_ecoord.
_92661
901 _aBK
942 _cLIBRO
942 _n0
999 _c106783
_d106783